Lőcse Lőcsei fehér asszony

Zobrazenie: Bližší pohľad na obraz Levočskej bielej panej, ktorý sa nachádzal vo výklenku klasicistického altánku na východných hradbách mesta

Bibliographic Details
Format: Postcard
Language:Hungarian
Slovak
PhysicalDescription:1 pohľadnica kolorovaná 9 x 14 cm
Published: Lőcse Braun Fűlöp 1919
Subjects:

MARC

LEADER 00000nkm a2200000 a 4500
001 vtls011772718
003 SK-MaSNL
005 20260512123542.0
007 kp co
008 230706s1919 xo g kuhun
015 |a SNBG1919 
035 |a urn:nbn:sk:snk-km00dmuj 
035 |a urn:nbn:sk:snk-km3m0er 
035 |a CE7FCF67-2A5E-4750-9BA9-EF2EACC13593 
040 |a SNK  |b slo  |c SNK  |e AACR2 
041 0 |a hun  |a slo 
044 |a xo  |c SK 
072 7 |a 75  |x Maliarstvo  |2 konspekt 
080 |a 75  |2 2011 
080 |a 929.7-055.2  |2 2011 
080 |a (439)  |2 2011 
080 |a 72/79(084.121)  |2 2011 
245 0 0 |a Lőcse  |h grafika  |b Lőcsei fehér asszony 
246 3 1 |a Levoča  |b Biela pani 
260 |a Lőcse  |b Braun Fűlöp  |c 1919 
300 |a 1 pohľadnica  |b kolorovaná  |c 9 x 14 cm 
500 |a Názov v slovenčine bol vytlačený na pohľadnicu dodatočne 
520 8 |a Zobrazenie: Bližší pohľad na obraz Levočskej bielej panej, ktorý sa nachádzal vo výklenku klasicistického altánku na východných hradbách mesta 
546 |a Súbežný názov a podnázov v slov. 
600 1 7 |a Korponaiová, Juliana,  |d ca1680-1714  |2 SNKMA  |9 324453 
650 0 7 |a šľachtičné  |2 SNKPH  |9 89419 
650 0 7 |a maliarstvo  |2 SNKPH  |9 812 
651 7 |a Uhorsko  |2 SNKPHgeo  |9 28673 
655 7 |a pohľadnice umeleckých diel  |2 SNKPH  |9 81593 
655 7 |a reprodukcie  |2 SNKPH  |9 282231 
752 |a Slovensko  |d Levoča 
852 |a Slovenská národná knižnica 
958 |a GBN 
958 |a GC 
958 |a ONDV 
999 |c 770892  |d 772822 
952 |a SNK  |b SNK  |y PREZ  |7 0  |p 17A1232465  |o snkSP 17032  |0 0  |1 0  |4 0  |d 2018-08-16  |f 1  |l 0  |r 2026-02-24 00:34:07  |w 2026-02-24